| 000 | 00836nam a22002177a 4500 | ||
|---|---|---|---|
| 001 | 78187 | ||
| 003 | BD-RjUL | ||
| 005 | 20211209083111.0 | ||
| 008 | 210408b1965 pk ||||| |||| 00| 0dben d | ||
| 035 | _a(BD-RjUL)78413 | ||
| 040 |
_aBD-RjUL _bben/eng _cBD-RjUL |
||
| 041 | _aben | ||
| 082 |
_223 _a297.648 _bBAB 1965 |
||
| 100 |
_aবাসরী, আবু হাসান _9246877 |
||
| 245 | 1 | 0 |
_aবিশ্বনবীর চার সহচর / _cআবু হাসান বাসরী |
| 260 |
_a[ঢাকা]: _bশহীদ পাবলিশার্স, _c১৯৬৫ |
||
| 300 |
_a২৫৬ পৃ. ; _c১৮ সেমি. |
||
| 600 |
_aমুহাম্মদ (সা.), _c-নবী, _d-632 _xসাহাবী _9246878 |
||
| 600 |
_aMuḥammad (SM.), _cProphet, _d -632 _xCompanions. _9246879 |
||
| 942 |
_2ddc _cRAR |
||
| 999 |
_c78187 _d78187 |
||